|
|
|
|
| LEADER |
00909nam a22001577a 4500 |
| 020 |
|
|
|a 81-7446-474-3
|
| 082 |
|
|
|a 658.402
|b AQU/O
|
| 100 |
|
|
|a P G aquinas
|9 171941
|
| 245 |
|
|
|a Organizational behaviour :concepts,realities,applications, and challenges
|
| 260 |
|
|
|a New delhi
|b Excel books
|c 2006
|
| 300 |
|
|
|a x+427p.
|
| 650 |
|
|
|a Organizational behaviour :concepts,realities,applications, and challenges
|9 171942
|
| 856 |
|
|
|u https://books.google.co.in/books?id=wPEUrt0VnFYC&pg=PR9&dq=Organizational+behaviour+:concepts,realities,applications,+and+challenges&hl=en&sa=X&ved=0CB4Q6wEwAGoVChMIodywq4f7xgIVTZCOCh2jBQ1c#v=onepage&q=Organizational%20behaviour%20%3Aconcepts%2Crealities%2Capplications%2C%20and%20challenges&f=false
|
| 942 |
|
|
|c BK
|
| 999 |
|
|
|c 189038
|d 189034
|
| 952 |
|
|
|0 0
|1 0
|4 0
|6 658_402000000000000_AQU_O
|7 0
|8 NFIC
|9 189228
|a SMBS
|b SMBS
|c GEN
|d 2015-07-27
|g 350.00
|l 0
|o 658.402 AQU/O
|p SMBSS915
|r 2016-07-14
|w 2015-07-27
|y BBK
|